LEADER 01488namaa2200373 i 4500 001 000000178645 003 CaOOAMICUS 005 20260408110901.0 008 260408s2025 it f u000 u ita r 020 $a978-88-288-6925-2* 032 $aLibriCat 040 $aPUL$bita 082 04$a345.4505 100 1 $aTonini, Paolo,$d1945-,$eautore.$0(OLS)http://pul/name/107068 245 10$aManuale di procedura penale /$cPaolo Tonini , Carlotta Conti. 250 $aVentiseiesima edizione 260 $aMilano :$bGiuffrè,$c©2025. 300 $aXXV, 1250 pagine ;$c24 cm 336 $atesto$btxt$2rdacontent 337 $asenza mediazione$bn$2rdamedia 338 $avolume$bnc$2rdacarrier 500 $aInclude indici. 504 $aBibliografia in nota. 650 4$aDiritto processuale penale$xManuali.$0(OLS)http://pul/subject/44740 650 4$aProcedura penale$zItalia.$0(OLS)http://pul/subject/12686 700 1 $aConti, Carlotta,$eautore.$0(OLS)http://pul/name/113051 850 $aPUL 852 $aPUL$W1$xSL Diritto e Scienze Sociali 3$y79$m345. 4505 TONPA 6$j202411$qDDC 21$B207806$CPULBib$Z2$F207806 $H138510 $82 941 1 $a9 996 $6020$a978-88-288-6925-2*$9(OLS)http://pul/number/170914 996 $6082$a345.4505$9(OLS)http://pul/classification/385 996 $6245$aManuale di procedura penale$9(OLS)http://pul/title/67007 996 $6260$aMilano :$bGiuffrè$9(OLS)http://pul/publisher/48401